Europa - Kraje - Statystyki

Ogólne statystyki
  • Ten quiz został rozwiązany 684 razy
  • Średni wynik to 38 z 46
Statystyki odpowiedzi
Wskazówka Odpowiedź % Poprawnych
a Polska
95%
a Rosja
92%
a Portugalia
90%
a Francja
89%
a Hiszpania
89%
a Litwa
89%
a Łotwa
89%
a Niemcy
89%
a Albania
88%
a Czechy
87%
a Szwecja
87%
a Andora
86%
a Estonia
86%
a Finlandia
85%
a Włochy
85%
a Białoruś
84%
a Norwegia
84%
a Austria
83%
a Słowacja
83%
a Ukraina
83%
a Watykan
83%
a Wielka Brytania
83%
a Belgia
82%
a Grecja
82%
a Dania
81%
a Irlandia
81%
a Islandia
81%
a Niderlandy/Holandia
81%
(Większość leży w Azji) Turcja
81%
a Bośnia i Hercegowina
80%
a Chorwacja
79%
a Słowenia
79%
a Liechtenstein
78%
a Szwajcaria
78%
a Bułgaria
77%
a Luksemburg
77%
a Rumunia
77%
(Niektórzy nie uznawają jako państwo) Kosowo
76%
a Serbia
75%
a Węgry
75%
a Malta
74%
a Mołdawia
74%
a San Marino
74%
a Czarnogóra
73%
a Macedonia Północna
72%
a Monako
72%
Nie znaleziono quizów pasujących do podanych kryteriów
Rozkład punktacji
Procent ludzi z każdym wynikiem
Percentyl według liczby udzielonych odpowiedzi
Twoja historia wyników
Nie rozwiązałeś tego quizu